Mega trucky na cestách nebudú
Diskutovaná téma tzv. mega truckov, ktorým sa hovorí aj giga linery alebo cestné vlaky. Zámer automobilky Šoka Auto v Českej republike. Vyššia efektivita prepravy. Iniciatíva organizácie No mega truck proti využívaniu giga linerov. Využívanie mega truckov vo Švédsku a Holandsku. Nemecké štúdie o vho...
Na minha lista:
| Autor principal: | |
|---|---|
| Formato: | Capítulo de Livro |
| Idioma: | eslovaco |
| Assuntos: | |
| Tags: |
Sem tags, seja o primeiro a adicionar uma tag!
|
MARC
| LEADER | 00000naa a2200000 4500 | ||
|---|---|---|---|
| 001 | 0160254 | ||
| 005 | 20231011073218.8 | ||
| 041 | 0 | |a slo | |
| 044 | |a CZ | ||
| 245 | 1 | 0 | |a Mega trucky na cestách nebudú |c Jozef Oravec |
| 520 | |a Diskutovaná téma tzv. mega truckov, ktorým sa hovorí aj giga linery alebo cestné vlaky. Zámer automobilky Šoka Auto v Českej republike. Vyššia efektivita prepravy. Iniciatíva organizácie No mega truck proti využívaniu giga linerov. Využívanie mega truckov vo Švédsku a Holandsku. Nemecké štúdie o vhodnosti a možnostiach využívania mega truckov. Úmysel Európskeho parlamentu povoliť skúšobnú prevádzku mega truckov v krajinách, ktoré disponujú vhodnou infraštruktúrou. | ||
| 610 | 2 | 0 | |a doprava cestná nákladná |
| 610 | 2 | 0 | |a automobily nákladné |
| 610 | 2 | 0 | |a preprava |
| 610 | 2 | 0 | |a efektívnosť |
| 610 | 2 | 0 | |a Európa |
| 100 | 1 | |a Oravec, Jozef | |